Couleurs de l'arc-en-ciel_Mort Subite - Statistiques

Statistiques générales
  • Ce quiz a été pris 102 fois
  • Le résultat moyen est 5 sur 7
Answers on the Grid
Answers color-coded by a green-red scale on the quiz's grid according to % correct below.
Beige
Bleu
Bordeaux
Gris
Indigo
Jaune
Kaki
Magenta
Marron
Mauve
Noir
Orange
Pourpre
Rose
Rouge
Taupe
Vert
Violet
 
Statistiques - réponses
Réponse % Correct
Bleu
87%
Jaune
84%
Orange
68%
Vert
68%
Violet
68%
Rouge
66%
Indigo
53%
Aucun quiz correspondant
Distribution des résultats
% des personnes avec chaque résultat
Percentile par nombre de réponses
Votre historique - résultats
Vous n’avez pas pris ce quiz